Pays par acteurs célèbres - Statistiques

Statistiques générales
  • Ce quiz a été pris 405 fois
  • Le résultat moyen est 16 sur 22
Statistiques - réponses
Compositeurs Pays % Correct
Louis de Funès, Isabelle Adjani, Jean Reno France
99%
Jackie Chan, Bruce Lee, Maggie Cheung Hong Kong
98%
Diane Kruger, Christoph Waltz, Marlene Dietrich Allemagne
91%
Cate Blanchett, Hugh Jackman, Margot Robbie Australie
83%
Robert De Niro, Zendaya, Brad Pitt États Unis
81%
Marcello Mastroianni, Monica Bellucci, Roberto Benigni Italie
81%
Kōji Yakusho, Takeshi Kitano, Kimiko Ikegami Japon
81%
François Damiens, Virginie Efira, Matthias Schoenaerts Belgique
79%
Min-sik Choi, Lee Sun Gyun, Jung Ho-yeon Corée du Sud
79%
Jim Carrey, Ryan Gosling, Anne Dorval Canada
78%
Charlie Chaplin, Keira Knightley, Benedict Cumberbatch Royaume-Uni
78%
Javier Bardem, Penelope Cruz, Antonio Banderas Espagne
77%
Stellan Skarsgård, Alicia Vikander, Bibi Andersson Suède
77%
Arnold Schwarzenegger, Klaus Maria Brandauer, Peter Lorre Autriche
72%
Shahrukh Khan, Aishwarya Rai, Salman Khan Inde
68%
Cillian Murphy, Michael Fassbender, Barry Keoghan Irlande
68%
Mads Mikkelsen, Viggo Mortensen, Nikolaj Coster-Waldau Danemark
58%
Salma Hayek, Cantinflas, Diego Luna Mexique
58%
Gal Gadot, Lior Raz, Tomer Capone Israël
51%
Charlize Theron, John Kani, Winston Ntshona Afrique du Sud
50%
Antony Starr, Thomasin McKenzie, Karl Urban Nouvelle-Zélande
32%
Souheila Yacoub, Ursula Andress, Bernard Haller Suisse
28%
Aucun quiz correspondant
Distribution des résultats
% des personnes avec chaque résultat
Percentile par nombre de réponses
Votre historique - résultats
Vous n’avez pas pris ce quiz